Modern advanced accounting

Αποθηκεύτηκε σε:
Λεπτομέρειες βιβλιογραφικής εγγραφής
Κύριος συγγραφέας: Larsen, E. John
Μορφή: Βιβλίο
Γλώσσα:English
Δημοσίευση: New York : McGraw-Hill, c1997
Έκδοση:7th ed.
Θέματα:
Ετικέτες: Προσθήκη ετικέτας
Δεν υπάρχουν, Καταχωρήστε ετικέτα πρώτοι!

MARC

LEADER 00000nam a2200000 i 4500
001 1/44743
008 960312s1997 eng d
020 |a 0071144838 
020 |a 0070367108 
035 |l 10026023 
040 |a GR-MY-UA  |b gre  |e aacr 
041 0 |a eng 
082 0 |a 657.046 
100 1 |a Larsen, E. John. 
245 1 0 |a Modern advanced accounting /  |c E.John Larsen 
250 |a 7th ed. 
260 |a New York :   |b McGraw-Hill,   |c c1997 
300 |a xxiv, 960 σ. 
650 0 0 |a Accounting. 
852 |a INST  |b CHIOS  |e 19981014  |h 657.046 LAR  |p 005200015527  |q 005200015527  |t BK  |y 0 
852 |a INST  |b CHIOS  |e 19980615  |h 657.046 LAR  |p 005200016154  |q 005200016154  |t BK  |y 0 
852 |a INST  |b CHIOS  |e 19981014  |h 657.046 LAR  |p 005200016155  |q 005200016155  |t BK  |y 0 
909 |a Χ  |b 057340 
909 |a X  |b 057341 
909 |a X  |b 059258 
922 |a 2ΕΛΗ  |b 199805  |c ΤΔΕ  |d ΠΑΠΑΣΩΤΗΡΙΟΥ